000 00606nam a22001937a 4500
003 koha_MIRAKIL
005 20241211102758.0
008 241211b tur||||| |||| 00| 0 tur d
020 _a9789753484169
040 _aTR-IsEVY
_btur
_cTR-IsEVY
082 _aFIC
_bAYT/P
100 _aAytuğ, Gökçe Ateş
245 0 _aPlan Paytak /
_cGökçe Ateş Aytuğ ; resimleyen Ceylan Aran.
260 _aİstanbul :
_bÇınar Yayınları ,
_c2019.
300 _a42 s. :
_brenkli resimli ;
_c20 cm.
650 _aÇocuk Edebiyatı.
_vÇocuk Hikayeleri.
700 1 _aAran, Ceylan.
_cresimleyen.
942 _2ddc
_cBK
999 _c21226
_d21226